00823nam a2200265Ia 4500001000900000003000500009005001700014008004100031010001100072020002200083040000900105082002100114100003500135245007600170250001100246260004000257300001600297440005400313503000700367504002800374650002600402650004600428650002800474650005500502dia_7806CHAP20251021154051.0220117s2017 xx 000 0 und d a179285 a978-958-771-468-5 cCHAP a658.404 M49 2017 aMeza Orozco, Jhonny de Jesús aEvaluación financiera de proyectos /c Jhonny de Jesús Meza Orozco a4a ed. aColombia :b Ecoe Ediciones,c2017 axvi, 392 p. aCiencias empresariales.pContabilidad y finanzas. aC. aBibliografía: p.[393] aEconomic investment  aIndustrial organization (Economic theory) aInversion económica  aOrganización industrial (Teoría económica)